Les personnages de Thor : Ragnarok - #17 - Statistiques

Statistiques générales
  • Ce quiz a été pris 14 fois
  • Le résultat moyen est 9 sur 14
Statistiques - réponses
Réponse % Correct
Loki
100%
Thor
100%
Hela
92%
Bruce Banner / Hulk
83%
Odin
83%
Valkyrie
83%
Heimdall
75%
le Grand Maître
58%
Stephen Strange / Docteur Strange
42%
Surtur
33%
Fandral
25%
Hogun
25%
Skurge
25%
Volstagg
25%
Aucun quiz correspondant
Distribution des résultats
% des personnes avec chaque résultat
Percentile par nombre de réponses
Votre historique - résultats
Vous n’avez pas pris ce quiz